000 00472cam a2200169ua 4500
003 OSt
005 20260209110757.0
008 260209b |||||||| |||| 00| 0 eng d
041 _aeng
082 _a630.954
_bRAN/HI
100 _aRandhawa, M S .
_97849
245 _aHistory of agriculture in India : Vol I beginning to 12th century /
250 _a1 /
260 _aNew Delhi :
_bIndian Council for Agricultural Research ,
_c1980.
300 _a541 ; .
942 _cBK
999 _c2074
_d2074